000 00435nab a2200145Ia 4500
003 ES-SlBCS
005 20210601130449.0
008 140529s1962 xxu||||| |||| 00| 0 fre d
041 _afre
100 1 _aJolivet, Régis
_918963
245 0 0 _aDialectique des trois ordres pascaliens
_c Régis Jolivet
650 0 4 _aDialéctica
_991958
773 0 _tGiornali di Metafisica
_gvol. 17, nº. 6, 1962, págs. 611-623
_w0017-0372
942 _cAR
999 _c547120
_d547120